Every single ability in the pvz shooters - Statistics

General Stats
  • This quiz has been taken 7 times
  • The average score is 34 of 198
Answer Stats
Hint Answer % Correct
burrow
100%
GW1 chili bean bomb
100%
dark flower
100%
goop
100%
heal beam
100%
heal flower
100%
hyper
100%
rainbow heal beam
100%
retro gatling
100%
sombrero bean bomb
100%
spikeweed
100%
super pea jump
100%
ZPG
100%
cheesy goop
75%
garlic drone
75%
multi rocket
75%
pea gatling
75%
potato mine
75%
potato nugget mine
75%
rainbow flower
75%
spiky spikeweed
75%
sun beam
75%
super sticky goop
75%
armored heal station
50%
artichoke drone
50%
bling gatling
50%
chesterweed
50%
chomp cannon
50%
GW2 dark bean bomb
50%
imp punt
50%
iron maiden
50%
leaf shield
50%
long bomb
50%
rocket jump
50%
rocket leap
50%
solar flare beam
50%
sprint burrow
50%
sprint tackle
50%
tallnut battlement
50%
warp
50%
bigger better butter
25%
cheesy warp
25%
citron ball
25%
dark garlic drone
25%
dummy shield
25%
EMPeach
25%
energy warp
25%
goatify
25%
gravity grenade
25%
husk hop
25%
jackhammer
25%
peel shield
25%
red artichoke
25%
shuck shot
25%
sonic grenade
25%
sticky explody ball
25%
ultra tackle
25%
zombie heal station
25%
acorn dash
0%
anchors away
0%
arcane enigma
0%
arcane lotus
0%
armored bling station
0%
assault mode
0%
asteroid shield
0%
baby corn
0%
barrel blast
0%
bedazzled bolt blaster
0%
big bang beam
0%
big bolt blaster
0%
big bulb barrage
0%
bionic bash
0%
biotic pull
0%
blazin blast
0%
blazing trail
0%
bling maiden
0%
bloom boom
0%
blue blazes
0%
bullhorn swarm
0%
butter barrage
0%
butter beacon
0%
cannon rodeo
0%
cant miss ile
0%
casting shadows
0%
charge of insanity
0%
cheetah heal station
0%
cherry strike
0%
coconut spotting station
0%
commercial break
0%
cone strike
0%
corn strike
0%
co star
0%
crater maker
0%
crusty gigabomb
0%
damage buff booster beam
0%
disco tornado
0%
double time
0%
dough toss
0%
dragon swoop
0%
drag race
0%
drop crystal dog
0%
dynamite dodge
0%
eggsplosion
0%
epic mega blast
0%
escape pod
0%
explosive escape
0%
fly down
0%
fly up
0%
fung fu
0%
funky bouncer
0%
furball frenzy
0%
future dummy
0%
future parrot pal
0%
goat bleat
0%
goat jump
0%
other goat scratch
0%
gravity smash
0%
grody goop
0%
hands on torpedo
0%
heal beam of science
0%
healing hose
0%
heavy helper
0%
heroic kick
0%
hyper ball
0%
hyper jump thump
0%
impkata
0%
invoke oak
0%
jinx
0%
kitty fury
0%
kitty pounce
0%
lone cone
0%
looty booty barrel blast
0%
lumber support
0%
mega awesome laser
0%
mega heal bomb
0%
missile madness
0%
mood shield
0%
multi shuck
0%
navel laser
0%
outta fight
0%
overheated dinner
0%
parrot pal
0%
BFN pea suped
0%
peg leg kata
0%
petal propeller
0%
pizzazzling potato mine
0%
proximity sonic mine
0%
psychedelic goat
0%
pylon mine
0%
rainbow warp
0%
revive rainbow
0%
reviving brainz BBQ
0%
robo call
0%
robo stomp
0%
rocket drone
0%
rocket ride
0%
roll for damage
0%
sap trap
0%
shadow sneak
0%
shield decoy
0%
shrimp jump
0%
smoldering madness
0%
space force
0%
spell disaster
0%
spin dash
0%
spin override
0%
station inflation
0%
sticky cheetah ball
0%
sticky healy thingy
0%
sunny side up
0%
superb zomboss radar
0%
super guided ultra ball
0%
super heavy hornblast
0%
super multi ball
0%
super sap trap
0%
super stink cloud
0%
super ultra ball
0%
swoop slam
0%
tail powershot
0%
time snare
0%
treeject
0%
tubular turbo
0%
turbo jackhammer
0%
turbo twister
0%
twilight warp
0%
twin heal flower
0%
vampweed
0%
warper jr.
0%
water cyclone
0%
weed out
0%
wild life
0%
wing flap
0%
yeti set go
0%
zee lixir
0%
zombie stink cloud
0%
zomboss healing station
0%
zombot drone
0%
zomni blade
0%
No matching quizzes found
Score Distribution
Percent of People with Each Score
Percentile by Number Answered
Your Score History
You have not taken this quiz